Bröndby IF players (2010-2020) - Statistics

General Stats
  • This quiz has been taken 6 times
  • The average score is 31 of 116
Answer Stats
Rank Player Positions Nationality Matches Goals (assists) Period % Correct
5 Christian Nørgaard DM 100 8 (7) 2013-2019
100%
14 Hany Mukhtar AM 80 23 (20) 2016-2020
100%
1 Johan Larsson RB 127 9 (29) 2014-2020
100%
3 Teemu Pukki ST 111 45 (14) 2014-2018
100%
25 Anthony Jung CB 66 3 (6) 2017-2020
67%
49 Besar Halimi AM 34 8 (5) 2017-2019
67%
39 Daniel Agger CB 43 2 (3) 2014-2016
67%
53 Daniel Wass CM 32 6 (4) 2010-2011
67%
41 Dominik Kaiser CM 42 9 (7) 2018-2020
67%
11 Frederik Rönnow GK 81 0 (0) 2015-2018
67%
16 Jens Stryger Larsen RB 76 6 (6) 2010-2013
67%
55 Kevin Mensah RB 30 1 (2) 2017-2020
67%
4 Lebogang Phiri CM 109 7 (5) 2012-2017
67%
51 Mikael Uhre ST 33 4 (1) 2018-2020
67%
37 Nicolaj Agger ST 46 9 (6) 2010-2013
67%
38 Quincy Antipas CF 46 6 (13) 2012-2014
67%
54 Rodolph Austin CB 32 2 (4) 2015-2017
67%
28 Simon Tibbling CM 61 5 (7) 2017-2020
67%
76 Alexander Farnerud CM 17 3 (3) 2010-2011
33%
33 Alexander Szymanowski LW 51 6 (10) 2013-2016
33%
102 Andreas Bruus RB 3 0 (0) 2017-2018, 2019-2020
33%
73 Andreas Maxsø CB 18 0 (1) 2019-2020
33%
74 Ante Erceg ST 18 4 (1) 2018-2020
33%
52 Christian Jakobsen AM 32 2 (1) 2015-2017
33%
29 Clarence Goodson CB 60 6 (1) 2010-2013
33%
15 Daniel Stenderup CB 76 1 (0) 2010-2014
33%
8 Dario Dumic CB 92 2 (3) 2011-2016
33%
34 Dennis Rommedahl RW 48 6 (10) 2011-2013
33%
63 Elbasan Rashani LW 24 3 (3) 2014-2016
33%
48 Ferhan Hasani AM 35 7 (4) 2013-2015
33%
2 Frederik Holst CM 121 2 (5) 2011-2017
33%
94 Fredrik Berge CB 7 1 (0) 2014-2015
33%
111 Gustaf Nilsson ST 1 0 (0) 2016-2017
33%
19 Hjörtur Hermannsson CB 69 1 (0) 2016-2020
33%
44 Jan Kliment ST 39 7 (5) 2016-2018
33%
20 Jan Kristiansen CM 69 1 (5) 2010-2013
33%
104 Jannik Skov Hansen LW 3 0 (0) 2011-2012
33%
71 Jesper Lindstrøm RW 19 2 (2) 2019-2020
33%
88 Joel Kabongo CB 12 0 (1) 2018-2019
33%
35 Johan Elmander ST 48 6 (2) 2014-2016
33%
58 José Núñez CF 27 9 (1) 2013-2015
33%
46 Josip Radosevic DM 38 3 (4) 2018-2020
33%
6 Kamil Wilczek ST 100 59 (15) 2015-2020
33%
47 Kasper Fisker CM 38 1 (7) 2017-2020
33%
85 Khalid Boulahrouz CB 13 0 (0) 2013-2014
33%
101 Kristian Andersen LM 4 0 (0) 2012-2014
33%
27 Lasse Vigen CM 61 7 (6) 2017-2020
33%
21 Lukas Hradecky GK 69 0 (0) 2013-2016
33%
12 Martin Albrechtsen CB 81 3 (2) 2012-2017
33%
56 Martin Bernburg ST 30 2 (1) 2010-2014
33%
10 Martin Ørnskov DM 83 2 (5) 2013-2016
33%
32 Marvin Schwäbe GK 52 0 (0) 2018-2020
33%
78 Michael Almebäck CB 16 0 (0) 2013-2014
33%
26 Michael Krohn-Dehli CM 62 17 (11) 2010-2013
33%
36 Mikael Nilsson RB 47 2 (3) 2010-2012
33%
22 Mike Jensen CM 69 9 (7) 2010-2013
33%
9 Mikkel Thygesen CM 90 9 (9) 2011-2015
33%
72 Morten Frendrup CM 19 0 (0) 2017-2020
33%
82 Nikolai Laursen RW 15 2 (2) 2014-2015, 2018-2019
33%
66 Ousman Jallow ST 21 0 (1) 2010-2011
33%
42 Patrick Da Silva LB 42 0 (3) 2012-2017
33%
40 Paulus Arajuuri CB 43 3 (1) 2016-2020
33%
68 Remco van der Schaaf CB 20 6 (1) 2010-2011
33%
7 Riza Durmisi LB 93 7 (11) 2012-2016
33%
81 Sigurd Rosted CB 16 1 (0) 2019-2020
33%
57 Simon Hedlund RB 30 4 (15) 2018-2020
33%
17 Simon Makienok ST 74 35 (9) 2011-2015
33%
62 Stephan Andersen GK 25 0 (1) 2010-2012
33%
30 Thomas Kahlenberg CM 57 5 (12) 2013-2016
33%
59 Thomas Rasmussen LB 27 1 (2) 2010-2012
33%
98 Zsolt Kalmár CM 6 0 (1) 2016-2018
33%
24 Anders Randrup RB 66 0 (2) 2010-2013
0%
13 Andrew Hjulsager AM 80 16 (11) 2013-2017
0%
96 Anis Slimane CM 6 1 (1) 2019-2020
0%
90 Anton Skipper CB 10 0 (0) 2019-2020
0%
18 Benedikt Röcker CB 69 3 (1) 2016-2019
0%
109 Benjamin Bellot GK 1 0 (0) 2018-2019
0%
103 Björn Kopplin RB 3 0 (0) 2018-2019
0%
50 Brent McGrath ST 34 2 (2) 2010-2013
0%
100 Bruno Batata ST 4 1 (0) 2010-2011
0%
75 Daniel Norouzi DM 18 0 (1) 2011-2013
0%
91 Daniel Stückler ST 9 1 (0) 2013-2014, 2015-2017
0%
83 David Boysen AM 14 3 (2) 2015-2016
0%
77 Femi DM 17 0 (1) 2011-2012
0%
110 Filip Blazek CB 1 0 (0) 2017-2018
0%
60 Franck Semou DM 26 0 (2) 2011-2013
0%
99 Gregor Sikosek LB 5 0 (0) 2016-2018
0%
89 Hólmbert Aron Fridjónsson ST 11 1 (1) 2014-2015
0%
45 Jan Frederiksen LB 38 1 (7) 2010-2012
0%
69 Jens Martin Gammelby RB 19 0 (0) 2018-2020
0%
70 Jesper Juelsgård CB 19 0 (0) 2015-2017
0%
112 Jonas Borring LM 1 0 (0) 2016-2017
0%
61 Kenneth Zohore ST 25 5 (2) 2013-2014
0%
106 Kristoffer Munksgaard ST 2 0 (0) 2010-2012
0%
113 Mads Toppel GK 1 0 (0) 2015-2016
0%
64 Magnus Eriksson CM 22 2 (2) 2015-2016
0%
86 Marcos Ureña ST 13 0 (0) 2016-2017
0%
31 Mathias Gehrt AM 55 4 (1) 2010-2014
0%
65 Max von Schlebrügge CB 22 1 (1) 2010-2012
0%
92 Michael Falkesgaard GK 8 0 (0) 2012-2013
0%
23 Michael Tørnes GK 67 0 (0) 2010-2013
0%
95 Mikkel Bischoff CB 7 1 (0) 2010-2011
0%
114 Nicklas Halse DM 1 0 (0) 2015-2016
0%
67 Oke Akpoveta ST 20 0 (1) 2011-2013
0%
84 Osama Akharraz LW 14 0 (1) 2010-2012
0%
105 Patrick Olsen AM 3 0 (0) 2011-2012
0%
87 Paul Jatta DM 13 0 (0) 2010-2011
0%
115 Peter Bjur RM 1 0 (0) 2019-2020
0%
107 Peter Madsen ST 2 0 (0) 2010-2011
0%
116 René Joensen CM 1 0 (0) 2011-2012
0%
108 Rezan Corlu AM 2 0 (0) 2015-2017
0%
79 Ronnie Schwartz ST 16 4 (1) 2015-2016
0%
80 Samuel Mraz ST 16 4 (2) 2019-2020
0%
43 Svenn Crone RB 40 0 (4) 2015-2018
0%
97 Tobias Børkeeiet DM 6 0 (0) 2019-2020
0%
93 Uffe Bech RW 8 2 (1) 2018-2019
0%
No matching quizzes found
Score Distribution
Percent of People with Each Score
Percentile by Number Answered
Your Score History
You have not taken this quiz